| 000 | 01056cam a2200301 a 4500 | ||
|---|---|---|---|
| 999 |
_c130358 _d130358 |
||
| 001 | 11805149 | ||
| 003 | ARRUPE | ||
| 005 | 20200212111528.0 | ||
| 008 | 921120s1998 gw b 001 0 ger d | ||
| 010 | _a 99516156 | ||
| 020 | _a3050030216 | ||
| 035 | _a(OCoLC)ocm40286118 | ||
| 040 |
_aOHX _cOHX _dIND _dDLC |
||
| 041 | 0 | _agereng | |
| 042 | _alccopycat | ||
| 050 | 0 | 0 |
_aB1649.P64 _bO35 1980 |
| 100 |
_aO'Hear, Anthony _910647 |
||
| 245 | 0 | 0 |
_aKarl Popper : _bthe arguments of the philosophers / _cAnthony O'Hear. |
| 260 |
_aLondon : _bRoutledge, _cc1980. |
||
| 300 |
_axii, 219 p. ; _c24 cm. |
||
| 440 | 0 |
_aThe arguments of the philosophers ; _949216 |
|
| 504 | _aIncludes bibliographical references (p. 249-253) and indexes. | ||
| 546 | _a7 German, 4 English contributions. | ||
| 600 | 1 | 0 |
_aPopper, Karl R. _943023 |
| 906 |
_a7 _bcbc _ccopycat _d3 _encip _f19 _gy-gencatlg |
||
| 942 |
_2lcc _cMONOGRAPH |
||